000 00651nam a2200205 a 4500
999 _c8550
_d8550
001 8550
003 BD-JhCC
005 20180227115951.0
008 180227s1975 bg |||| ||a| 000 0 ben d
035 _a(BD-JhCC)8550
040 _aBD-JhCC
_dBD-JhCC
041 _aben
082 _a501
_bLIN 1975
245 _aবিজ্ঞানের দার্শনিক /
_cরবার্ট এন. লিনসকট; ফজলুল করিম (অনুবাদ)
260 _aঢাকা :
_bবাংলা একাডেমী,
_c1975.
300 _a229 P. :
_c22 cm.
650 _aPhilisophy and Science
942 _2ddc
_cBK